000 00279nam a22001097a 4500
008 160521b xxu||||| |||| 00| 0 eng d
020 _a8002575540
041 _aeng
080 _a579
245 _aEssential biology:
_cNeil A. Campbell; Jane B.Reece;Eric J. Simon;
942 _2udc
_cBK
999 _c2333
_d2333